000 00448nam a2200181 a 4500
001 2685
003 CO-ViMGA
008 141112s2004 ck r 000 u spa d
040 _aCO-ViMGA
_bspa
_cCO-ViMGA
082 0 4 _a823 N677p
100 1 _aNostlinger, Christine
245 1 0 _aPor favor vuelve a casa
260 _aBogotá :
_bNorma,
_c1997
300 _a173 p
490 _aTorre de papel
650 1 4 _aNOVELA AUSTRIACA
_95014
942 _2ddc
_cBK
999 _c14760
_d14760